Statistics for British History A-Z #2

Click here to take the quiz!

General Stats

  • This quiz has been taken 1,798 times
  • The average score is 20 of 26

Answer Stats

HintAnswer% Correct
J) Romeo and ______, Shakespeare's star crossed loversJuliet
97%
O) Britains oldest university, one of the oldest in the worldOxford
97%
E) Charles Darwin outlines the principles of this in 'on the origin of species'Evolution
95%
B) Mop headed Liverpudlian rockers, more popular than Jesus according to one of themBeatles
94%
F) 'We shall _____ on the beaches.... We shall never surrender'Fight
94%
N) French emperor, spreader of enlightenment ideals, a right bloody nuisanceNapoleon Bonaparte
94%
S) This culinary phenomenon was born when a member of the British aristocracy decided he didnt want to leave his gaming table to have his supper, choosing to have it between 2 slices of bread insteadSandwich
91%
T) Modernising if controversial prime minister of the 1980s, not popular amongst Argentinians...Margaret Thatcher
89%
P) Long the centre of the British town life, a community living room, of sorts. The sort that serves beer by the pintPub
89%
Z) A native South African tribe who had war forced upon them by the British, despite initail successes they were eventually conqueredZulu
89%
V) HRH the Empress of India, wife of a GermanVictoria
88%
D) French port, site of the evacuation of the Brirish Expeditionary Force (BEF) in 1940Dunkirk
85%
X) Televised singing contest hosted by Simon Cowell, endlessly churning out noisy pop music to a perpetually teenage fanbaseX factor
84%
K) Unit of temperature measurement which sets its null point at absolute zero (-273°c) named after the British inventor of the scaleKelvin
83%
W) Scottish independence fighter who led the Scots to victory against the English at the battle of Stirling BridgeWilliam Wallace
83%
L) Charge of the _____ brigade, theirs was but to do and dieLight
82%
U) Collective name for the group of counties in north Ireland and Northern IrelandUlster
79%
H) A _____! A _____! My kingdom for a _____! Shakespeares Richard III's desperate pleaHorse
72%
Q) British branch of Christianity which took roots in the new world, William Penn being a particularly famous proponentQuakers
72%
A) Major English victory in the 100 years war, where the British found their 2 fingered saluteAgincourt
68%
R) Slang name for Oliver Cromwells New Model ArmyRoundheads
58%
M) Maverick field marshall of the North African campaign in WWIIBernard Montgomery
56%
G) Contemperary of Disraeli, this grandiose liberal party politician was prime minister on 4 occasions between 1868-1894William Gladstone
50%
C) Slang name for young urban ne'erdowells, often found in baseball caps and walking staffordshire bull terriersChavs
48%
I) ________ Kingdom Brunel, notable engineer, bridge builder and all round polymath of the industrial revolutionIsambard
43%
Y) Siege of ________, decisive American victory in the American revolutionary warsYorktown
43%

Score Distribution

Percentile by Number Answered

Percent of People with Each Score

Your Score History

You have not taken this quiz